000 00523nam a2200205Ia 4500
003 IIN
005 20240201163317.0
008 231217s9999 xx 000 0 und d
020 _cRs.475.00
_a9788131253250
040 _aIIN
_bEnglish
082 _a150.2461073
_bBAB
100 1 _aBabu, Stephen
245 1 _aPsychology for Nurses
_cStephen Babu and T. Gayathri
250 _a2nd ed
260 _bElsevier
_aNew Delhi
_c2020
300 _axii, 223 p.
650 1 _aPsychology
700 1 _aGayathri, T.
942 _cBOOK
999 _c732
_d732